000 00410nam a22001697a 4500
003 SGT
020 _a9789356963320
082 _a616.01
_bE23S
100 _aSASTARY, APURBA S.
245 _aESSEMTIALS OF MEDICAL MICROBIOLOGY
250 _a4TH
260 _aINDIA
_bJAYPEE PUB
_c2023
300 _a710
650 _aMICROBIOLOGY
653 _aESSEMTIALS OF MEDICAL MICROBIOLOGY
942 _2ddc
_cBK
_025
999 _c25327
_d25327